|
|
|
|
| LEADER |
02566nam a22003617a 4500 |
| 001 |
7252 |
| 003 |
BD-DhAAL |
| 005 |
20220829161500.0 |
| 008 |
180529r20182005bg ||||| |||| 00| 0 ben d |
| 999 |
|
|
|c 36720
|d 36720
|
| 020 |
|
|
|a 9789848815359
|
| 020 |
|
|
|a 9840502743
|
| 040 |
|
|
|a BD-DhAAL
|c BD-DhAAL
|
| 082 |
|
|
|a 954.92
|
| 245 |
|
|
|a পাকিস্তানীদের দৃষ্টিতে একাত্তর /
|c সম্পাদনা মুনতাসীর মামুন, মহিউদ্দিন আহমেদ
|
| 246 |
|
|
|a Pakistanider dristite ekattar
|
| 246 |
|
|
|a Bangladesh liberation war : views from Pakistan
|
| 250 |
|
|
|a ষষ্ঠ মুদ্রণ [পঞ্চম মুদ্রণ ২০১৪]
|
| 260 |
|
|
|a ঢাকা :
|b ইউনিভার্সিটি প্রেস লিমিটেড,
|c c২০০৫ [পুনঃমুদ্রণ ২০০৬, ষষ্ঠ মুদ্রণ ২০১৮]
|
| 300 |
|
|
|a xxii, ৩৬০ পৃষ্ঠা ;
|c ২২ সে.মি.
|
| 490 |
|
|
|a রোড টু বাংলাদেশ সিরিজ
|
| 526 |
|
|
|a AAL, BIED, GenEd
|
| 541 |
|
|
|a University Press Limited, Complimentary copy from BIED, Book Finder International
|e 7252, 33148, 33149, 35919, 39496
|
| 651 |
|
|
|a Bangladesh
|x History
|y Revolution,1971.
|9 17628
|
| 700 |
|
|
|a মামুন, মুনতাসীর
|9 17629
|
| 700 |
|
|
|a আহমেদ, মহিউদ্দিন
|9 17630
|
| 852 |
|
|
|a Ayesha Abed Library
|c Bangabandhu Corner
|
| 942 |
|
|
|2 ddc
|c BK
|
| 952 |
|
|
|0 0
|1 0
|2 ddc
|4 0
|6 954_920000000000000_PAK
|7 0
|9 57790
|a SCL
|b SCL
|c GEN
|d 2016-01-30
|g 350.00
|l 0
|o 954.92 PAK
|p 3020007252
|r 2023-03-13
|t 1
|w 2016-01-30
|y BK
|
| 952 |
|
|
|0 0
|1 0
|2 ddc
|4 0
|6 954_920000000000000_PAK
|7 0
|9 63458
|a BRACUL
|b BRACUL
|c BNC
|d 2018-05-27
|e The University Press Limited
|g 360.00
|l 6
|m 66
|o 954.92 PAK
|p 3010033149
|q 2025-10-08
|r 2024-11-05
|s 2024-11-05
|t 3
|v 480.00
|w 2018-05-27
|y BK
|
| 952 |
|
|
|0 0
|1 0
|2 ddc
|4 0
|6 954_920000000000000_PAK
|7 0
|9 63459
|a BRACUL
|b BRACUL
|c BNC
|d 2018-05-27
|e The University Press Limited
|g 360.00
|l 5
|m 73
|o 954.92 PAK
|p 3010033148
|r 2025-06-22
|s 2025-06-18
|t 2
|v 480.00
|w 2018-05-27
|y BK
|
| 952 |
|
|
|0 0
|1 0
|2 ddc
|4 0
|6 954_920000000000000_PAK
|7 0
|9 69477
|a BRACUL
|b BRACUL
|c GEN
|d 2021-11-02
|e Complimentary copy from BIED
|l 1
|o 954.92 PAK
|p 3010035919
|r 2025-07-02
|s 2025-06-29
|t 4
|w 2021-11-02
|y BK
|x Transferred from BIED to General Stacks
|
| 952 |
|
|
|0 0
|1 0
|2 ddc
|4 0
|6 954_920000000000000_PAK
|7 0
|9 71547
|a SCL
|b SCL
|c GEN
|d 2022-08-03
|e Book Finder International
|g 386.13
|l 5
|m 6
|o 954.92 PAK
|p 3020039496
|r 2025-12-27
|s 2025-12-08
|t 5
|v 0.00
|w 2022-08-03
|y BK
|